000 00641nam a2200241Ia 4500
005 20260430150643.0
008 008 250103s9999 xx 000 0 eng d
037 _aTheses
040 _aCRL
040 _beng
040 _ceng
041 _2eng
041 _aeng
084 _qCRL
100 _aSheikh Ridwan Ah Au.; Kanwar Sunil Gu.
_91238119
245 0 _aEssays on Intellectual Property Rights and Trade
260 _c2024
300 _a142p.
650 _aEconomics
700 _aUniversity of Delhi. Faculty of Arts. Deptt. of Modern Indian Languages and Literary Studies
942 _cTH
999 _c1850311
_d1850311